Normal view
MARC view
- Black.William R
Entry Personal Name
001 - CONTROL NUMBER
- control field: 4184
003 - CONTROL NUMBER IDENTIFIER
- control field: JO-AjAnu
005 - DATE AND TIME OF LATEST TRANSACTION
- control field: 20230606071002.0
008 - FIXED-LENGTH DATA ELEMENTS
- fixed length control field: 230606|| aca||aabn | a|a d
040 ## - CATALOGING SOURCE
- Original cataloging agency: JO-AjAnu
- Transcribing agency: JO-AjAnu
100 ## - HEADING--PERSONAL NAME
- Personal name: Black.William R
670 ## - SOURCE DATA FOUND
- Source citation: Work cat.: (JO-AjAnu)2175: Black.William R, author, Sustainable Transportation:problems and solutions